<?xml version="1.0" encoding="UTF-8"?>
<marc:record xmlns:marc="http://www.loc.gov/MARC21/slim">
   <marc:leader>00000nam a2200000 a 4500</marc:leader>
   <marc:datafield ind1="1" ind2=" " tag="100">
      <marc:subfield code="a">Wolf, Kirsten</marc:subfield>
      <marc:subfield code="4">aut</marc:subfield>
      <marc:subfield code="e">Verfasser/-in</marc:subfield>
   </marc:datafield>
   <marc:datafield ind1="1" ind2=" " tag="100">
      <marc:subfield code="a">Mack, Anja</marc:subfield>
      <marc:subfield code="4">aut</marc:subfield>
      <marc:subfield code="e">Verfasser/-in</marc:subfield>
   </marc:datafield>
   <marc:datafield ind1=" " ind2=" " tag="653">
      <marc:subfield code="a">Dogs in the city Hundeerziehung ebook Hundeerziehung mit erfolg welpenerziehung welche hunderasse passt zu mir</marc:subfield>
   </marc:datafield>
   <marc:datafield ind1=" " ind2=" " tag="653">
      <marc:subfield code="a">Stadthunde Hundeleben in der stadt Hundehaltung in der stadt Hundeerziehung buch Hundeerziehung einfach</marc:subfield>
   </marc:datafield>
   <marc:datafield ind1=" " ind2=" " tag="653">
      <marc:subfield code="a">haushunde wohnung mit hund bahnfahren mit hund stadthund stadt hunderassen hunderassen stadt hund in der stadt</marc:subfield>
   </marc:datafield>
   <marc:datafield ind1=" " ind2=" " tag="653">
      <marc:subfield code="a">hundetraining hunderassen für anfänger hundebetreuung hundesport welpenschule hund zieht an der leine hund bellt</marc:subfield>
   </marc:datafield>
   <marc:datafield ind1=" " ind2=" " tag="653">
      <marc:subfield code="a">körpersprache hund hunde für anfänger ruhige hunderassen leinenführigkeit hund hört nicht hunde verstehen</marc:subfield>
   </marc:datafield>
   <marc:datafield ind1=" " ind2=" " tag="653">
      <marc:subfield code="a">Softcover / Ratgeber/Natur/Hobbytierhaltung</marc:subfield>
   </marc:datafield>
   <marc:datafield ind1=" " ind2=" " tag="653">
      <marc:subfield code="a">Ratgeber</marc:subfield>
   </marc:datafield>
   <marc:datafield ind1="0" ind2="0" tag="245">
      <marc:subfield code="a">Hundeerziehung in der Stadt</marc:subfield>
   </marc:datafield>
   <marc:datafield ind1="0" ind2="0" tag="245">
      <marc:subfield code="c">Kirsten Wolf, Anja Mack</marc:subfield>
   </marc:datafield>
   <marc:datafield ind1=" " ind2="1" tag="264">
      <marc:subfield code="a">München</marc:subfield>
      <marc:subfield code="b">Gräfe und Unzer Verlag</marc:subfield>
      <marc:subfield code="c">2016</marc:subfield>
   </marc:datafield>
   <marc:datafield ind1=" " ind2=" " tag="250">
      <marc:subfield code="a">1. Auflage</marc:subfield>
   </marc:datafield>
   <marc:datafield ind1="1" ind2=" " tag="520">
      <marc:subfield code="a">Angaben aus der Verlagsmeldung

Hundeerziehung in der Stadt : Souverän und entspannt in Bus, Fußgängerzone und Park / von Kirsten Wolf, Anja Mack

Träumen nicht alle Hundehalter davon, mit ihrem Hund jede Stadtsituation problemlos zu meistern? Davon völlig entspannt allen Stresssituationen von Verkehrslärm bis Menschenmassen entgegenzusehen? Mit den Informationen und Übungen in diesem Ratgeber können sich Halter und Hund souverän dem Abenteuer Stadt stellen. Im ersten Teil des Buches werden alle wichtigen Infos zum Leben mit Hund in der City gegeben: Wie nimmt mein Hund die Stadt wahr? Wie verhält es sich mit Hunden in der Wohnung oder beim Busfahren? Anschließend wird im großen City-Praxisteil anhand von Alltagssituationen erklärt, wie sich Hund und Halter an die Gegebenheiten der Stadt gewöhnen. Die Schritt-für-Schritt-Übungen sind dabei in verschiedene Themenbereiche wie etwa Begegnungen jeder Art oder Stressfrei durch jede Stadtsituation gegliedert. So ist es möglich, dass jeder Hundehalter die individuell auf seine Stadtsituation passenden Übungen auswählen kann, um diese unkompliziert in seinen Alltag zu integrieren.
</marc:subfield>
   </marc:datafield>
   <marc:datafield ind1=" " ind2=" " tag="020">
      <marc:subfield code="a">9783833853906</marc:subfield>
      <marc:subfield code="9">9783833853906</marc:subfield>
   </marc:datafield>
   <marc:datafield ind1=" " ind2=" " tag="020">
      <marc:subfield code="a">3833853905</marc:subfield>
      <marc:subfield code="9">3833853905</marc:subfield>
   </marc:datafield>
   <marc:datafield ind1=" " ind2=" " tag="041">
      <marc:subfield code="a">ger</marc:subfield>
   </marc:datafield>
   <marc:datafield ind1=" " ind2=" " tag="300">
      <marc:subfield code="a">120 Seiten</marc:subfield>
   </marc:datafield>
</marc:record>
